000 00688nam a2200289Ia 4500
005 20260324140301.0
008 008 260324s9999 xx 000 0 eng d
020 _a9781315805252
037 _aEBOOK
040 _aCRL
040 _beng
040 _cCRL
041 _2eng
041 _aeng
084 _qCRL
100 _aAllen Carey-Webb
_91203806
245 0 _aMaking Subject(s)
245 0 _bLiterature and the Emergence of National Identity
260 _bTaylor and Francis
260 _c1999
365 _a
365 _b145
856 _uhttp://www.taylorfrancis.com/books/9781315805252
942 _cEBOOK
999 _c1805734
_d1805734